Familles Nombreuses La vie en XXL - Statistiques

Statistiques générales
  • Ce quiz a été pris 1 508 fois
    1 494 depuis la dernière actualisation
  • Le résultat moyen est 51 sur 107
Statistiques - réponses
Hint Réponse % Correct
Enfant VAN DER AUWERA | Mère SANTORO Camille
81%
Enfant REYMOND | Enfant SANTORO Maé
77%
Enfant GAYAT Olivia
75%
Enfant GALLI Rose
75%
Enfant SANTORO Emie
74%
Enfant GALLI Arthur
73%
Enfant DOL | Enfant GAYAT Jade
73%
Père DOL | Père JEANSON | Père PELISSARD Alexandre
72%
Mère GALLI Florie
72%
Enfant GALLI Maxime
70%
Père SANTORO Nicolas
70%
Enfant GALLI Paul
70%
Enfant GALLI Lucie
69%
Enfant SANTORO Mattia
69%
Père GAYAT Olivier
69%
Enfant SANTORO Nino
68%
Mère GAYAT Souk
65%
Enfant SANTORO Alessio
64%
Père GALLI Bastien
63%
Enfant GAYAT Elsa
63%
Enfant BLOIS | Enfant BOMBELE Sarah
62%
Mère PELISSARD Amandine
61%
Enfant GAYAT Matthieu
60%
Enfant GAYAT Théo
60%
Enfant GAYAT | Enfant GRYFFON Alicia
59%
Enfant BLOIS | Enfant GRYFFON Clara
59%
Enfant BLOIS Juliette
59%
Petit-Fils Kayden
59%
Enfant GAYAT Nolan
59%
Mère JEANSON Marie Alix
58%
Enfant GAYAT Chloé
57%
Enfant PELISSARD Léo
57%
Père BLOIS Gérome
55%
Enfant BLOIS Lola
55%
Enfant BLOIS Louane
55%
Enfant BLOIS Anaïs
54%
Enfant JEANSON Faustine
54%
Enfant PELISSARD Louna
54%
Enfant JEANSON Victor
54%
Enfant JEANSON Mayeul
53%
Enfant GAYAT Rudy
53%
Enfant JEANSON Auxence
51%
Enfant JEANSON Aloys
48%
Mère REYMOND | Mère VAN DER AUWERA Cindy
48%
Mère BLOIS Diane
48%
Enfant VAN DER AUWERA Maxence
47%
Enfant BLOIS Ethan
46%
Enfant PELISSARD Léna
46%
Enfant BOMBELE Lisa
46%
Mère DOL Ambre
45%
Enfant BLOIS Ilona
43%
Enfant DOL Maëlys
43%
Enfant PELISSARD | Enfant REYMOND Adam
42%
Enfant PELISSARD Alina
42%
Enfant PELISSARD Charles
42%
Enfant REYMOND Emma
42%
Enfant BLOIS Mathéo
42%
Mère BEAUFOUR Ophélie
42%
Père VAN DER AUWERA Sebastien
42%
Père BEAUFOUR Teddy
42%
Enfant BEAUFOUR Sarah Luna
40%
Enfant PELISSARD Octave
39%
Enfant BEAUFOUR Celestin
37%
Enfant BEAUFOUR Louka
37%
Enfant BEAUFOUR Mahélou
35%
Enfant BEAUFOUR Manoutéa
35%
Enfant BEAUFOUR Paolino
35%
Enfant VAN DER AUWERA Coleen
33%
Enfant PELISSARD Hector
33%
Enfant REYMOND Roméo
33%
Enfant GRYFFON Victoria
33%
Enfant dol Lisandro
32%
Mère BOMBELE Emmanuelle
30%
Père REYMOND Fernand
29%
Enfant VAN DER AUWERA Vaitea
29%
Enfant DOL Winona
29%
Enfant VAN DER AUWERA Tamaheré
28%
Enfant VAN DER AUWERA Hinaiti
27%
Enfant REYMOND Kimberly
27%
Père BOMBELE Lifa
27%
Enfant REYMOND Lily Rose
27%
Enfant VAN DER AUWERA Loti
27%
Enfant REYMOND Ezekiel
26%
Enfant VAN DER AUWERA Temoe
25%
Enfant REYMOND Aaron
24%
Enfant REYMOND Ashley
24%
Enfant GRYFFON Elena
24%
Enfant VAN DER AUWERA Hoani
24%
Enfant DOL Joaquim
24%
Enfant BOMBELE Noémie
24%
Enfant VAN DER AUWERA Eimeo
23%
Mère GRYFFON Jenny
23%
Enfant BOMBELE Tom
23%
Enfant VAN DER AUWERA Vainui
23%
Enfant BOMBELE Sam
20%
Père GRYFFON Damien
19%
Enfant GRYFFON Gabriel
19%
Aucun quiz correspondant
Distribution des résultats
% des personnes avec chaque résultat
Percentile par nombre de réponses
Votre historique - résultats
Vous n’avez pas pris ce quiz depuis la dernière actualisation